| Record ID | ia:twopathsbeinglec00ruskuoft |
| Source | Internet Archive |
| Download MARC XML | https://archive.org/download/twopathsbeinglec00ruskuoft/twopathsbeinglec00ruskuoft_marc.xml |
| Download MARC binary | https://www.archive.org/download/twopathsbeinglec00ruskuoft/twopathsbeinglec00ruskuoft_meta.mrc |
LEADER: 01030cam a22002770 4500
001 3042621
008 881201s1887 enk eng d
020 $a0403020565
035 $a(Sirsi) AKM-2378
035 0 $freclass/eb(oc)
040 $aOTU$beng
046 $aLC
050 4 $aN7445.$bR9 1887
082 $a700/.8
090 8 $aN 7445 .R9 1887$bROBA$c1
100 10 $aRuskin, John,$d1819-1900.
245 14 $aThe two paths :$bbeing lectures on art and its application to decoration and manufacture, delivered in 1858-9 /$cby John Ruskin.
260 0 $aSunnyside ; Orpington (Kent) :$bG. Allen,$c1887.
300 $a270 p.
505 0 $aThe deteriorative power of conventional art over nations.--The unity of art.--Modern manufacture and design.--The influence of imagination in architecture.--The work of iron in nature, art, and policy.
596 $a26
650 0 $aArt
650 0 $aDecorative arts
650 0 $aDecoration and ornament
948 $a07/15/1992$b05/14/1999
926 $aROBARTS$bSTACKS$cN7445 .R9 1887$dBOOK$f1